| 000 | 00712nam a22002291i 4500 | ||
|---|---|---|---|
| 001 | 105177 | ||
| 003 | ES-MaACL | ||
| 005 | 20230906183814.0 | ||
| 007 | t| | ||
| 008 | 060615s1981 sp a |||| | spa d | ||
| 020 | _a84-500-5058-8 | ||
| 080 | _a860-251"19" | ||
| 080 | _a860-12"19" | ||
| 100 | 1 |
_aLópez Medina, Julio. _973771 |
|
| 245 | 1 | 0 |
_aPastores de Belén _by Auto Nuevo de los Reyes Magos / _cJulio López Medina. |
| 260 |
_aValladolid : _bDiputación Provincial de Valladolid, _c1981. |
||
| 300 |
_a87 p : _bil ; _c22 cm. |
||
| 710 | 0 |
_aValladolid (Provincia). _bDiputación _97542 |
|
| 740 | 0 | _aAuto Nuevo de los Reyes Magos. | |
| 852 |
_aES-MaACL _jL-7628 |
||
| 999 |
_c105177 _d105177 |
||